Economic geography / (Record no. 17869)

MARC details
000 -LEADER
fixed length control field 00648 aa a2200193 4500
008 - FIXED-LENGTH DATA ELEMENTS--GENERAL INFORMATION
fixed length control field 081021t xxu||||| |||| 00| 0 eng d
010 ## - LIBRARY OF CONGRESS CONTROL NUMBER
LC control number ENG-84564
020 ## - INTERNATIONAL STANDARD BOOK NUMBER
International Standard Book Number 8189000810
020 ## - INTERNATIONAL STANDARD BOOK NUMBER
Terms of availability 780.00 (hb)
035 ## - SYSTEM CONTROL NUMBER
System control number EN-68097
082 ## - DEWEY DECIMAL CLASSIFICATION NUMBER
Classification number 910.133
100 ## - MAIN ENTRY--PERSONAL NAME
Personal name Ahmad Hussain
245 ## - TITLE STATEMENT
Title Economic geography /
Statement of responsibility, etc by Ahmad Hussain
260 ## - PUBLICATION, DISTRIBUTION, ETC. (IMPRINT)
Place of publication, distribution, etc New Delhi
Name of publisher, distributor, etc Vishvabharti Publications
260 ## - PUBLICATION, DISTRIBUTION, ETC. (IMPRINT)
Date of publication, distribution, etc 2006
300 ## - PHYSICAL DESCRIPTION
Extent vi,380p
Dimensions 23cm
942 ## - ADDED ENTRY ELEMENTS (KOHA)
Source of classification or shelving scheme Dewey Decimal Classification
Koha item type English Books
Classification part 910.133
Call number suffix HUS
Holdings
Withdrawn status Lost status Source of classification or shelving scheme Damaged status Not for loan Home library Current library Date acquired Cost, normal purchase price Total Checkouts Full call number Barcode Date last seen Copy number Cost, replacement price Price effective from Koha item type
    Dewey Decimal Classification   Not For Loan D.B.Act.Division D.B.Act.Division 08/03/2007 780.00   910.133 HUS EN-68097 04/11/2008 1 780.00 04/11/2008 English Books

© Delhi Public Library
Hit Counter
free hit counter